Prácticas de psicología de los grupos : experiencias.

Bibliographic Details
Main Author: Gil Rodríguez, Francisco
Other Authors: García Sáiz, Miguel, Alcover de la Hera, Carlos María, Roda Fernández, Rafael
Format: Libro
Language:English
Published: Madrid, España Pirámide 1999
Subjects:
Online Access:

MARC

LEADER 00000cam a2200000 a 4500
001 003655
003 UAHC_CL
005 20170803115947.0
008 020618b xx j 000 1 eng
020 |a 8436813596 
040 |a UAHC_CL  |c UAHC_CL  |d UAHC_CL 
100 1 |a Gil Rodríguez, Francisco 
245 1 0 |a Prácticas de psicología de los grupos : experiencias. 
260 |b Pirámide  |c 1999  |a Madrid, España 
300 |a 189 p. 
650 4 |a ADMINISTRACION DE CONFLICTOS 
650 4 |a PSICOLOGIA SOCIAL 
650 4 |a DINAMICA DE GRUPO 
700 1 |a García Sáiz, Miguel 
700 1 |a Alcover de la Hera, Carlos María 
700 1 |a Roda Fernández, Rafael 
900 |a 302 GIL 
942 |c BK 
952 |0 0  |1 0  |4 0  |6 302_000000000000000_GIL  |7 0  |8 General  |9 8154  |a BC  |b BC  |c General  |d 2017-08-03  |l 0  |o 302 GIL  |p 1325282  |r 2026-01-07 00:00:00  |t 1  |w 2017-08-03  |y BK 
952 |0 0  |1 0  |4 0  |6 302_000000000000000_GIL  |7 0  |8 General  |9 8155  |a BC  |b BC  |c General  |d 2017-08-03  |l 0  |o 302 GIL  |p 1325283  |r 2026-01-07 00:00:00  |t 2  |w 2017-08-03  |y BK 
952 |0 0  |1 0  |4 0  |6 302_000000000000000_GIL  |7 0  |8 General  |9 8156  |a BC  |b BC  |c General  |d 2017-08-03  |l 0  |o 302 GIL  |p 1325286  |r 2026-01-07 00:00:00  |t 3  |w 2017-08-03  |y BK 
999 |c 3655  |d 3655